000 00413nam a2200169Ia 4500
001 10720
003 IN-NITTTR
005 20251114233100.0
008 251113s9999||||xx |||||||||||||| ||eng||
040 _beng
040 _cIN-NITTTR
041 _aeng
082 _aR690.03 K393H
100 _aKrieger, Morris
245 0 _aHomeowner's encyclopaedia of house construction /
_cKrieger, Morris
942 _2ddc
_cBK
999 _c13356
_d13356